[Event "Warsaw op"]
[Site "Warsaw"]
[Date "1989.??.??"]
[Round "?"]
[White "Dautov, Rustem"]
[Black "Magerramov, Elmar"]
[Result "0-1"]
[WhiteElo "2535"]
[BlackElo "2440"]

1.d4 Nf6 2.Nf3 g6 3.c4 Bg7 4.Nc3 O-O 5.e4 d6 6.Be2 e5 7.d5 a5 8.Bg5 h6 9.Bh4 Na6
10.Nd2 Qe8 11.O-O Bd7 12.a3 Nh7 13.Rb1 f5 14.exf5 Bxf5 15.Rc1 g5 16.Bg3 Nf6
17.Qa4 Qe7 18.Qxa5 e4 19.Qa4 e3 20.Ndb1 Nc5 21.Qd1 Nfe4 22.Nxe4 Nxe4 23.Nc3 exf2+  0-1

[Event "Warsaw op"]
[Site "Warsaw"]
[Date "1989.??.??"]
[Round "?"]
[White "Schmidt, Wlodzimierz"]
[Black "Titov, German"]
[Result "1/2-1/2"]
[WhiteElo "2460"]
[BlackElo "2390"]

1.Nf3 d6 2.d4 g6 3.c4 Bg7 4.Nc3 Nd7 5.e4 e5 6.Be2 Ngf6 7.O-O O-O 8.Be3 Re8
9.Qc2 exd4 10.Nxd4 c6 11.Rad1 a6 12.Rfe1 Qc7 13.b4 b5 14.cxb5 cxb5 15.Qb3 Ne5
16.Rc1 Qd7 17.Ncxb5 axb5 18.Bxb5 Qe7 19.Bxe8 Qxe8 20.f3 d5 21.exd5 Bb7 22.Nc6 Nxd5
23.Na5 Nxe3 24.Qxe3 Qb5 25.Nxb7 Qxb7 26.a3 Qa6 27.Rc7 Nd3 28.Rb1 Rd8 29.Kh1 Qxa3
30.Qe7 Rf8 31.Qe3 Bb2 32.b5 Qd6 33.b6 Be5 34.g3 Rd8 35.Rc2 Nb4 36.Re2 Bd4
37.Qe7 Qxe7 38.Rxe7 Nd5 39.Rb7 Kg7 40.Rd1 Nc3 41.Rd3 Na4 42.Rc7 Bxb6 43.Rxd8 Bxc7
44.Rd7 Be5 45.f4 Bf6 46.Kg2 Nc5 47.Ra7 Ne6 48.Kf3 Bd4 49.Rd7 Kf6 50.Rb7 Bc5
51.Rd7 Nd4+ 52.Ke4 Nf5 53.Kf3 Ke6 54.Rd3 h5 55.Rd8 Nd4+ 56.Kg2 f6 57.Ra8 Kf5
58.Ra5 Ne6 59.Kf3 g5 60.fxg5 fxg5 61.Ra8 g4+ 62.Kg2 Bd4 63.Ra5+ Be5 64.Rb5 Nd4
65.Rb1 Nf3 66.h3 Nd2 67.hxg4+ hxg4 68.Rb4 Ne4 69.Rb3 Nc3 70.Rb4 Nd1 71.Ra4 Bc7
72.Rb4 Ne3+ 73.Kf2 Nd5 74.Rc4 Bb6+ 75.Ke2 Nf6 76.Kf1 Nd5 77.Ke2 Ba7 78.Ke1 Nf6
79.Kf1 Ne4 80.Kg2 Bb8 81.Rb4 Bd6 82.Rb3 Ke6 83.Rd3 Nf6 84.Rd4  1/2-1/2

[Event "Warsaw op"]
[Site "Warsaw"]
[Date "1989.??.??"]
[Round "?"]
[White "Sarwinski, Miroslaw"]
[Black "Glek, Igor V"]
[Result "0-1"]
[WhiteElo "2395"]
[BlackElo "2475"]

1.d4 Nf6 2.Nf3 g6 3.c4 Bg7 4.Nc3 O-O 5.e4 d6 6.Be2 e5 7.O-O Na6 8.Bg5 h6
9.Bh4 Qe8 10.d5 Nh5 11.Ne1 Nf4 12.Nd3 g5 13.Bg3 f5 14.exf5 Bxf5 15.f3 Qg6
16.Nf2 Nc5 17.Re1 h5 18.h3 Nxe2+ 19.Rxe2 g4 20.Kh2 gxf3 21.gxf3 Bd7 22.Qh1 h4
23.Bxh4 Qh5 24.Bg3 Rxf3 25.Qg2 Rxc3 26.bxc3 Qxe2 27.Rg1 Rf8 28.Bh4 Rf7 29.Bf6 Nd3  0-1

[Event "Warsaw op"]
[Site "Warsaw"]
[Date "1989.??.??"]
[Round "?"]
[White "Staniszewski, Piotr"]
[Black "Lokasto, Anatol"]
[Result "1/2-1/2"]
[WhiteElo "2410"]
[BlackElo "2290"]

1.d4 Nf6 2.c4 d6 3.Nc3 Nbd7 4.e4 e5 5.Nf3 g6 6.Be2 Bg7 7.O-O O-O 8.Re1 h6
9.Qc2 Nh7 10.Be3 Ng5 11.dxe5 Nxf3+ 12.Bxf3 Nxe5 13.Be2 Ng4 14.Bxg4 Bxg4 15.Qd2 Kh7
16.Bd4 Be6 17.Nd5 Bxd4 18.Qxd4 f6 19.Re3 Kg7 20.Rg3 Bf7 21.h4 Re8 22.Rb3 c6
23.Nf4 Qe7 24.Rg3 Kh7 25.Rd1 Qe5 26.Rf3 Rad8 27.Qxa7 Re7 28.Nd3 Qh5 29.Qd4 Qxh4
30.Rf4 Qg5 31.Rxf6 Bxc4 32.Rxd6 Rxd6 33.Qxd6 Rxe4 34.Nc5 Re7 35.f4 Qh4 36.Qd4 Re1+
37.Rxe1 Qxe1+ 38.Kh2 Qh4+ 39.Kg1 Qe1+ 40.Kh2 Qh4+  1/2-1/2

[Event "Legion op"]
[Site "Warsaw"]
[Date "1989.??.??"]
[Round "5"]
[White "Kaplun, Leonid I"]
[Black "Danailov, Silvio"]
[Result "1-0"]
[WhiteElo "2335"]
[BlackElo "2385"]

1.d4 Nf6 2.Nf3 g6 3.c4 Bg7 4.Nc3 O-O 5.e4 d6 6.Be2 e5 7.O-O Na6 8.Be3 Ng4
9.Bg5 Qe8 10.dxe5 dxe5 11.h3 h6 12.Bc1 Nf6 13.b3 Qe6 14.Ba3 Re8 15.Qc2 Nh5
16.Rfd1 Nf4 17.Bf1 Qf6 18.Nd5 Qe6 19.Rd2 c6 20.Nxf4 exf4 21.Re1 c5 22.e5 Qb6
23.Bd3 Qa5 24.Qc1 Be6 25.Be4 Rab8 26.Bb2 b5 27.cxb5 Qxb5 28.Rd6 Nb4 29.Qxf4 Nxa2
30.Bc6 Qxb3 31.Bxe8 Rxe8 32.Ba1 Nb4 33.Red1 Bd5 34.Rf1 Nc2 35.e6 Bxe6 36.Bxg7 Kxg7
37.Qe5+ Kh7 38.Nd2  1-0

[Event "Legion op"]
[Site "Warsaw"]
[Date "1989.??.??"]
[Round "8"]
[White "Gross, Stefan"]
[Black "Flis, Jacek"]
[Result "1-0"]
[WhiteElo "2425"]
[BlackElo "2335"]

1.c4 Nf6 2.Nc3 g6 3.e4 d6 4.d4 Bg7 5.Nf3 O-O 6.Be2 e5 7.Be3 Nbd7 8.d5 a5
9.Nd2 Ne8 10.h4 f5 11.f3 Bf6 12.Bf2 f4 13.h5 Ng7 14.hxg6 hxg6 15.Qc2 Nh5
16.Nf1 Kg7 17.O-O-O Nc5 18.Kb1 Bd7 19.Nb5 b6 20.Qd2 Bxb5 21.cxb5 Rh8 22.Rh3 Bg5
23.Nh2 Nf6 24.Rh1 Rxh3 25.gxh3 Nh5 26.Qe1 Qe7 27.h4 Bf6 28.Ng4 Rh8 29.Qg1 Kf7
30.Bf1 Ng7 31.Nxf6 Qxf6 32.Qg4 Qe7 33.Rg1 Rh6 34.Qc8 Qd7 35.Qa8 Nh5 36.Bxc5 dxc5
37.d6 Qxd6 38.Bc4+ Kf6 39.Qg8 Ng3 40.Qf7+  1-0

[Event "Hoogovens-B"]
[Site "Wijk aan Zee"]
[Date "1989.??.??"]
[Round "?"]
[White "Rogers, Ian"]
[Black "Bosboom, Manuel"]
[Result "1/2-1/2"]
[WhiteElo "2505"]
[BlackElo "2375"]

1.Nf3 Nf6 2.c4 g6 3.Nc3 Bg7 4.d4 O-O 5.e4 d6 6.Be2 e5 7.O-O Nbd7 8.Qc2 exd4
9.Nxd4 Re8 10.Rd1 c6 11.Bf4 Qe7 12.Bf3 Ne5 13.Be2  1/2-1/2

[Event "Zenica"]
[Site "Zenica"]
[Date "1989.??.??"]
[Round "11"]
[White "Dizdarevic, Emir"]
[Black "Vukic, Milan"]
[Result "1/2-1/2"]
[WhiteElo "2510"]
[BlackElo "2495"]

1.d4 Nf6 2.c4 g6 3.Nc3 Bg7 4.e4 d6 5.Nf3 O-O 6.Be2 e5 7.dxe5 dxe5 8.Qxd8 Rxd8
9.Nd5 Nxd5 10.cxd5 c6 11.Bc4 cxd5 12.Bxd5 Nd7 13.Bg5 Re8 14.Ke2 h6 15.Bh4 Nf6
16.Bxf6 Bxf6 17.Rhc1 Re7  1/2-1/2

[Event "DDR-ch 38th"]
[Site "Zittau"]
[Date "1989.??.??"]
[Round "?"]
[White "Boensch, Uwe"]
[Black "Vogt, Lothar"]
[Result "1/2-1/2"]
[WhiteElo "2490"]
[BlackElo "2505"]

1.d4 Nf6 2.c4 g6 3.Nc3 Bg7 4.e4 d6 5.Be2 O-O 6.Nf3 e5 7.O-O Nbd7 8.Qc2 c6
9.Rd1 Qe7 10.d5 h6 11.b4 c5 12.Ba3 b6 13.bxc5 Nxc5 14.Bxc5 bxc5 15.Rab1 Bd7
16.Rb3 Rfb8 17.Rdb1 Qd8 18.Nd2 Bf8 19.Rb7 Rxb7 20.Rxb7 Qa5 21.Qb2 Rc8 22.Nb5 a6
23.Nc3 Rc7 24.Rb3 Bc8 25.h3 Rb7 26.Rxb7 Bxb7 27.Nb3 Qb4 28.a3 Qb6 29.Na4 Qc7
30.Bf3 Bc8 31.Nd2 Qa5 32.Nb6 Bd7 33.Nxd7 Nxd7 34.Kf1 h5 35.Bd1 Bh6 36.Nb1 Kg7  1/2-1/2

[Event "JUG-chT"]
[Site "Zlatibor"]
[Date "1989.??.??"]
[Round "?"]
[White "Nutu Gajic, Dana"]
[Black "Petrovic, Marija"]
[Result "0-1"]
[WhiteElo "2340"]
[BlackElo "2295"]

1.Nf3 Nf6 2.c4 g6 3.Nc3 Bg7 4.e4 d6 5.d4 O-O 6.Be2 Nbd7 7.O-O e5 8.Be3 Re8
9.Qc2 h6 10.Rad1 exd4 11.Nxd4 Nc5 12.f3 Bd7 13.b4 Ne6 14.Nb3 Nh5 15.f4 Qh4
16.Bxh5 Qxh5 17.Rf3 Nf8 18.h3 Bxc3 19.Qxc3 Rxe4 20.Bc1 Nh7 21.Bb2 f6 22.Nc5 dxc5
23.Rxd7 Qf5 24.Rd5 cxb4 25.Qxb4 Qxd5  0-1

[Event "JUG-chT"]
[Site "Zlatibor"]
[Date "1989.??.??"]
[Round "?"]
[White "Maksimovic, Suzana"]
[Black "Petrovic, Marija"]
[Result "1/2-1/2"]
[WhiteElo "2230"]
[BlackElo "2295"]

1.d4 Nf6 2.c4 g6 3.Nc3 Bg7 4.e4 d6 5.Be2 Nbd7 6.Nf3 O-O 7.O-O e5 8.Qc2 exd4
9.Nxd4 Nc5 10.Rd1 Qe8 11.Ndb5 Qe7 12.Bg5 Ncxe4 13.Nd5 Qd8 14.Bxf6 Nxf6 15.Nbxc7 Bf5
16.Bd3 Bxd3 17.Qxd3 Rb8 18.Rab1 Nxd5 19.Nxd5 Re8 20.b4 Rc8 21.g3 Re6 22.Nf4 Re8
23.Nd5 Re6 24.Nf4 Re8  1/2-1/2

[Event "JUG-chT"]
[Site "Zlatibor"]
[Date "1989.??.??"]
[Round "?"]
[White "Vasiljevic, Dragan"]
[Black "Jacimovic, Dragoljub"]
[Result "1/2-1/2"]
[WhiteElo "2315"]
[BlackElo "2400"]

1.d4 Nf6 2.Nf3 g6 3.c4 Bg7 4.Nc3 O-O 5.e4 d6 6.Be2 e5 7.d5 a5 8.Be3 Ng4 9.Bg5 f6
10.Bc1 f5 11.Ng5 Nf6 12.exf5 gxf5 13.f4 Qe7 14.O-O Na6 15.Kh1 Bd7 16.Bd2 Nc5
17.Qc2 Rae8 18.Rae1 b6 19.Be3 h6 20.Nh3 Ng4 21.Bg1 Qh4 22.Qd2 e4 23.Nb5 Bxb5
24.cxb5 Rf7 25.Bc4 Qf6 26.Re2 Kh7 27.Nf2 Nxf2+ 28.Bxf2  1/2-1/2

[Event "JUG-chT"]
[Site "Zlatibor"]
[Date "1989.??.??"]
[Round "?"]
[White "Miladinovic, Igor"]
[Black "Vucicevic, Moma"]
[Result "1/2-1/2"]
[WhiteElo "2350"]
[BlackElo "2320"]

1.d4 Nf6 2.Nf3 g6 3.c4 Bg7 4.Nc3 O-O 5.e4 d6 6.Be2 e5 7.O-O Qe8 8.dxe5 dxe5
9.Be3 b6 10.Nd5 Na6 11.Qc2  1/2-1/2

[Event "JUG-chT"]
[Site "Zlatibor"]
[Date "1989.??.??"]
[Round "?"]
[White "Vasiljevic, Dragan"]
[Black "Kontic, Djordje"]
[Result "1/2-1/2"]
[WhiteElo "2315"]
[BlackElo "2335"]

1.d4 Nf6 2.c4 g6 3.Nc3 Bg7 4.e4 O-O 5.Nf3 d6 6.Be2 e5 7.d5 Nh5 8.g3 Nd7 9.Nd2 Ndf6
10.Nb3 Bh3 11.f3 Nd7 12.Be3 f5 13.Rg1 Qf6 14.Qd2 f4 15.Bf2 Bh6 16.g4 Ng7
17.O-O-O b6 18.Kb1 Bg5 19.Nc1 h5 20.gxh5 Nxh5 21.Bf1 Bxf1 22.Rdxf1 Kh7 23.Rg4 Bh6
24.Nd3 Qf7 25.Nb4 c5 26.dxc6 Qxc4 27.Rgg1 Qxb4 28.cxd7 Rad8 29.a3 Qc4 30.Qxd6 Nf6
31.Qe7+ Qf7 32.Qxe5 Nxd7 33.Qd5 Qe7 34.Qb7 Rf7 35.Nd5 Qe6 36.Qc7 Rdf8 37.Qc2 Ne5
38.Bd4 Bg7 39.Bc3 Kg8 40.Qg2 Nc4 41.Bxg7 Kxg7 42.Qg5 Nd2+ 43.Ka1 Nxf1 44.Rxf1 Qd6
45.Rg1 Re8 46.Rg4 Re5 47.Qh4 Qc5 48.Nxf4 Qc1+ 49.Ka2 Qc4+ 50.Kb1 Qf1+ 51.Ka2  1/2-1/2

[Event "JUG-chT"]
[Site "Zlatibor"]
[Date "1989.??.??"]
[Round "?"]
[White "Ivkov, Borislav"]
[Black "Strikovic, Aleksa"]
[Result "1/2-1/2"]
[WhiteElo "2490"]
[BlackElo "2470"]

1.Nf3 Nf6 2.c4 g6 3.Nc3 Bg7 4.e4 d6 5.d4 O-O 6.Be2 e5 7.dxe5 dxe5 8.Qxd8 Rxd8
9.Bg5 c6 10.Nxe5 h6 11.Bf4 Na6 12.O-O Nc5 13.Rad1 Be6 14.Bf3 g5 15.Be3 Ncxe4  1/2-1/2

[Event "JUG-chT"]
[Site "Zlatibor"]
[Date "1989.??.??"]
[Round "?"]
[White "Nutu Gajic, Dana"]
[Black "Nikolin, Zorica"]
[Result "0-1"]
[WhiteElo "2340"]
[BlackElo "2225"]

1.Nf3 Nf6 2.c4 g6 3.Nc3 Bg7 4.e4 d6 5.d4 O-O 6.Be2 e5 7.Be3 Ng4 8.Bg5 f6
9.Bh4 Nc6 10.d5 Ne7 11.Nd2 Nh6 12.f3 g5 13.Bf2 f5 14.c5 Ng6 15.Nc4 Nf4 16.O-O g4
17.Kh1 Nxe2 18.Qxe2 gxf3 19.gxf3 fxe4 20.Nxe4 Nf5 21.Rg1 Kh8 22.Qd3 b5 23.Na5 Qe8
24.cxd6 cxd6 25.Rac1 Bh6 26.Rc7 Qh5 27.Rg2 Bf4 28.Nb3 Nh4 29.Bxh4 Qxh4 30.Nxd6 Bh3
31.Rf2 Kg8 32.Ne4 Rac8 33.d6 Rcd8 34.Nbc5 Kh8 35.Qe2 Rg8 36.Nd3 Rg6 37.Nxf4 Qxf4
38.Ng3 Rgxd6 39.Rc2 Rd1+ 40.Nf1 Bxf1 41.Rxf1 R1d2  0-1

[Event "Zuerich op"]
[Site "Zuerich"]
[Date "1989.??.??"]
[Round "?"]
[White "Huss, Andreas"]
[Black "Nemet, Ivan"]
[Result "1-0"]
[WhiteElo "2360"]
[BlackElo "2430"]

1.d4 Nf6 2.Nf3 g6 3.c4 Bg7 4.Nc3 O-O 5.e4 d6 6.Be2 e5 7.d5 Nbd7 8.O-O Nc5
9.Qc2 a5 10.Bg5 h6 11.Be3 b6 12.Nd2 Nh7 13.Kh1 Ng5 14.a3 f5 15.f3 Bf6 16.b4 Nd7
17.exf5 axb4 18.axb4 Rxa1 19.Rxa1 gxf5 20.Qxf5 Bg7 21.Qc2 Nf6 22.Nde4 Nh5
23.Nxg5 hxg5 24.Ne4 Nf4 25.g3 Nxe2 26.Qxe2 g4 27.fxg4 b5 28.h3 Bb7 29.Ra7 Qb8
30.Qd3 c5 31.dxc6 Bxc6 32.Kh2 Bxe4 33.Qxe4 Qe8 34.Qd5+ Kh8 35.Qxd6 Rf6 36.Qd5 Qg6
37.Ra8+ Bf8 38.Bc5 Kg7 39.Bxf8+ Rxf8 40.Qxe5+ Rf6 41.Ra7+  1-0

[Event "Zuerich op"]
[Site "Zuerich"]
[Date "1989.??.??"]
[Round "?"]
[White "Wirthensohn, Heinz"]
[Black "Nemet, Ivan"]
[Result "1-0"]
[WhiteElo "2395"]
[BlackElo "2430"]

1.Nf3 Nf6 2.c4 g6 3.Nc3 Bg7 4.e4 d6 5.d4 O-O 6.Be2 e5 7.Be3 Nc6 8.d5 Ne7
9.Nd2 c5 10.g4 a6 11.g5 Ne8 12.h4 f5 13.gxf6 Nxf6 14.a4 Bd7 15.h5 gxh5 16.Bxh5 Ng6
17.Bxg6 hxg6 18.Rg1 Qe8 19.a5 Nh5 20.Na4 Bxa4 21.Qxa4 Qf7 22.Qd1 Rab8 23.Qg4 Kh7
24.Ke2 b5 25.axb6 Rxb6 26.b3 Bh6 27.Rg2 Qg7 28.Rh1 Rf4 29.Bxf4 Nxf4+ 30.Kf1 Nxg2
31.Kxg2 Qe7 32.Nf3 Rxb3 33.Qh3  1-0

[Event "Klee mem"]
[Site "Zuerich"]
[Date "1989.??.??"]
[Round "6"]
[White "Jakob, Simon"]
[Black "Spycher, B."]
[Result "1-0"]
[WhiteElo "2200"]
[BlackElo "2200"]

1.Nf3 Nf6 2.c4 g6 3.Nc3 Bg7 4.d4 O-O 5.e4 d6 6.Be2 e5 7.dxe5 dxe5 8.Qxd8 Rxd8
9.Bg5 Re8 10.Nd5 Nxd5 11.cxd5 c6 12.Bc4 cxd5 13.Bxd5 Na6 14.O-O Nb4 15.Bb3 a5
16.a3 Nd3 17.Ba4 Rf8 18.Be7 Be6 19.Bxf8 Kxf8 20.Bb5 Nc5 21.Rfe1 Bb3 22.Rac1 b6
23.Bc4 a4 24.Bxb3 axb3 25.Rc4 Rd8 26.Rb4 Rd6 27.Rb5 f5 28.g3 fxe4 29.Ng5 Rd2
30.Nxe4 Rxb2 31.Re3 Rb1+ 32.Kg2 b2 33.Nxc5 bxc5 34.Re4 Ke7 35.a4 Bf6 36.a5 Kd6
37.Rb6+ Kc7 38.f4  1-0

[Event "Zug"]
[Site "Zug"]
[Date "1989.??.??"]
[Round "?"]
[White "Hug, Marcel"]
[Black "McDonald, Neil R"]
[Result "1/2-1/2"]
[WhiteElo "2200"]
[BlackElo "2360"]

1.d4 Nf6 2.Nf3 g6 3.c4 d6 4.Nc3 Bg7 5.e4 O-O 6.Be2 Nbd7 7.O-O e5 8.d5 Nc5
9.Qc2 a5 10.Bg5 h6 11.Be3 Nfd7 12.Nd2 f5 13.exf5 gxf5 14.f4 Qe7 15.Nb3 a4
16.Nxc5 Nxc5 17.Bd3 e4 18.Be2 Bd7 19.Rfd1 Kh8 20.Rab1 Rg8 21.Qd2 Qf6 22.Bd4 Qxd4+
23.Qxd4 Bxd4+ 24.Rxd4 Kg7 25.Kf2 h5 26.Rdd1 h4 27.g3 Kf6 28.Rg1 Rh8 29.Rg2 hxg3+
30.hxg3 Rh3 31.Ke3 Be8 32.Rbg1 Bh5 33.Bxh5 Rxh5 34.Nb5 c6 35.dxc6 bxc6 36.Nd4 Ra6
37.Nxf5 d5 38.g4 Rh3+ 39.Rg3 Rxg3+ 40.Nxg3 Rb6 41.g5+ Ke6 42.Kd4 Nd3 43.cxd5+ cxd5
44.f5+ Kd6 45.g6 Rb4+ 46.Ke3 Rb8 47.g7 Rg8 48.f6 Ke6 49.Rf1 Ne5 50.Rf4 a3
51.bxa3 Ra8 52.a4 Kf7 53.Nf5 Kxf6 54.g8=Q Rxg8 55.Nh6+ Kg5  1/2-1/2

[Event "Aarhus int-B"]
[Site "Aarhus"]
[Date "1990.??.??"]
[Round "7"]
[White "Nielsen, Peter Heine"]
[Black "Hansen, Sune Berg"]
[Result "1-0"]
[WhiteElo "2280"]
[BlackElo "2335"]

1.c4 g6 2.d4 Nf6 3.Nc3 Bg7 4.e4 d6 5.Be2 O-O 6.Nf3 e5 7.d5 Na6 8.Nd2 Ne8
9.h4 f5 10.h5 gxh5 11.exf5 Nc5 12.Nde4 Bxf5 13.Nxc5 dxc5 14.Be3 Qe7 15.Rxh5 Bg6
16.Rh1 b6 17.Bh5 Qf6 18.Bxg6 Qxg6 19.Qe2 e4 20.O-O-O Nd6 21.Rh3 Nf5 22.Rdh1 h6
23.Nxe4 Rae8 24.f3 Nxe3 25.Rg3 Qf5 26.Qxe3 Qe5 27.Qd2 Rf4 28.Rg6 Kf7 29.Rc6 Kg8
30.Rg6 Kf7 31.Rc6 Kg8 32.Re1 Kh8 33.Re6 Rxe6 34.dxe6 Rf8 35.Nc3 Qh5 36.e7 Re8
37.Nd5 Qh2 38.f4  1-0

[Event "Altensteig"]
[Site "Altensteig"]
[Date "1990.??.??"]
[Round "2"]
[White "Schlosser, Philipp"]
[Black "Topalov, Veselin"]
[Result "1/2-1/2"]
[WhiteElo "2455"]
[BlackElo "2475"]

1.Nf3 Nf6 2.c4 d6 3.Nc3 g6 4.d4 Bg7 5.e4 O-O 6.Be2 e5 7.O-O Na6 8.Re1 c6
9.Bf1 Bg4 10.Be3 exd4 11.Bxd4 Nb4 12.Rc1 c5 13.Be3 Nd7 14.Be2 Bxf3 15.Bxf3 Be5
16.Be2 Nc6 17.Rc2 Nf6 18.Bf1 a6  1/2-1/2

[Event "FRA-ch"]
[Site "Angers"]
[Date "1990.??.??"]
[Round "4"]
[White "Bernard, Christophe"]
[Black "Apicella, Manuel"]
[Result "1/2-1/2"]
[WhiteElo "2335"]
[BlackElo "2410"]

1.d4 Nf6 2.Nf3 g6 3.c4 Bg7 4.Nc3 O-O 5.e4 d6 6.Be2 e5 7.O-O Na6 8.Re1 c6
9.Bf1 exd4 10.Nxd4 Re8 11.f3 h5 12.Be3 h4 13.Qd2 Nh5 14.Rad1 Be5 15.f4 Bg7
16.Qf2 h3 17.e5 hxg2 18.Bxg2 Bg4 19.Nf3 Re6 20.h3 Bxf3 21.Bxf3 f5 22.c5 d5
23.Kh2 Kh7 24.Rg1 Bh6 25.Bxh5 gxh5 26.Ne2 Qf8 27.Nd4 Nxc5 28.b4 Ne4 29.Nxe6 Qf7
30.Qh4 Qxe6 31.Qxh5 Rf8 32.Rg2 Qe8 33.Qh4 Qd8 34.Rg5 Rg8 35.Rdg1 Rg6 36.Qh5 Nxg5
37.fxg5 Qe7 38.Bf4 Qxb4 39.Qh4 Qc4 40.Rg2 Qe4 41.Rb2 Qd4 42.Rxb7+ Kg8 43.Rb8+ Bf8
44.Qg3  1/2-1/2

[Event "FRA-ch"]
[Site "Angers"]
[Date "1990.??.??"]
[Round "6"]
[White "Villeneuve, Alain"]
[Black "Apicella, Manuel"]
[Result "1/2-1/2"]
[WhiteElo "2330"]
[BlackElo "2410"]

1.d4 Nf6 2.c4 g6 3.Nc3 Bg7 4.e4 d6 5.Be2 O-O 6.Nf3 e5 7.O-O Na6 8.Be3 Ng4
9.Bg5 Qe8 10.h3 h6 11.Bc1 Nf6 12.dxe5 dxe5 13.Be3 c6 14.c5 Nh5 15.Nd2 Nf4
16.Nc4 Qe7 17.Nd6 Qg5 18.Bxf4 exf4 19.Nxc8 Nxc5 20.Nxa7 Rxa7 21.Qc2 b5 22.Bf3 Ne6
23.Ne2 c5 24.Rfd1 Nd4 25.Nxd4 Bxd4 26.a3 Qe5 27.Rab1 Rb8 28.Be2 b4 29.axb4 Rxb4
30.b3 Re7 31.Re1 Bc3 32.Rec1 Bd4 33.Re1 Kg7 34.Bc4 h5 35.Qd1 Ra7 36.Qf3 Ra3
37.Rbc1 Rb7 38.Re2 Rba7 39.Kh2 Ra2 40.Rec2 f6 41.h4 Rxc2 42.Rxc2 Ra1 43.g3 fxg3+
44.fxg3 Re1 45.Re2 Rc1 46.Qf4 Rc3 47.Ra2 Qxf4 48.Ra7+ Kf8 49.gxf4 Rf3 50.f5 g5
51.Rf7+ Ke8 52.Rh7 Be5+ 53.Kg2 Rg3+ 54.Kf2 gxh4 55.Rxh5 Bd4+ 56.Ke1 Re3+
57.Kd2 Rxe4 58.Bd5 Rf4 59.Rh7 Bf2 60.Be6 Re4 61.Kd3 Rg4 62.Bd7+ Kd8 63.Be6 Bg3
64.Rd7+ Ke8 65.Rh7 Be5 66.Bd7+ Kf8 67.Be6 Rg3+ 68.Kc4 Rc3+ 69.Kb5 h3 70.Kc6 h2
71.Bd5 Rc1 72.Kb5 Rf1 73.Rh5 Rd1 74.Kc6 Kg7 75.Rh3 Rc1 76.Rh4 Rf1 77.Rh5 Rf2
78.Be4 Bd4 79.Bd5 Rd2 80.Rh3 Bg1 81.Rh4 Rd4 82.Rh3 Rg4 83.Be6 Rb4 84.Bd5  1/2-1/2

[Event "JUG-chT FL"]
[Site "Arandjelovac"]
[Date "1990.??.??"]
[Round "3"]
[White "Novoselski, Zoran"]
[Black "Nikolic, Vasilije"]
[Result "1-0"]
[WhiteElo "2355"]
[BlackElo "2320"]

1.Nf3 Nf6 2.d4 g6 3.c4 Bg7 4.Nc3 O-O 5.e4 d6 6.Be2 Nbd7 7.O-O e5 8.Qc2 c6
9.Rd1 Qe7 10.d5 a5 11.Rb1 Nc5 12.Bg5 h6 13.Bxf6 Qxf6 14.Ne1 Bd7 15.Nd3 Nxd3
16.Rxd3 c5 17.Bd1 Qd8 18.Qe2 Qe8 19.Bc2 f5 20.Qd1 Qe7 21.Ba4 fxe4 22.Re3 Bf5
23.Bc2 h5 24.Bxe4 Bh6 25.Bxf5 Bxe3 26.Be6+ Kh7 27.fxe3 Qh4 28.Qe2 a4 29.g3 Qe7
30.Ne4 a3 31.b3 Kg7 32.h4 b5 33.cxb5 Ra5 34.Rf1 Rxf1+ 35.Qxf1 Ra8 36.Kg2 Rf8
37.Qc4 Qc7 38.b4  1-0

[Event "JUG-chT FL"]
[Site "Arandjelovac"]
[Date "1990.??.??"]
[Round "10"]
[White "Cvetkovic, Srdjan"]
[Black "Ilic, Ljubisa"]
[Result "1/2-1/2"]
[WhiteElo "2430"]
[BlackElo "2245"]

1.c4 Nf6 2.Nc3 g6 3.e4 d6 4.d4 Bg7 5.Nf3 O-O 6.Be2 e5 7.dxe5 dxe5 8.Qxd8 Rxd8
9.Bg5 c6 10.Nxe5 Re8 11.O-O-O Na6 12.Rd6 Nxe4 13.Nxe4 Bxe5 14.Nf6+ Bxf6 15.Bxf6 Bf5
16.Kd2 Nc5 17.f3 Re6 18.Rxe6 Bxe6 19.Kc3 Nd7 20.Bd4 f6 21.f4 a6 22.Bf3 Kf7
23.g4 Re8 24.b4 a5 25.bxa5 Ra8 26.Rb1 Rxa5 27.Rxb7 Ra3+ 28.Rb3 Ra4 29.f5 gxf5
30.gxf5 Rxc4+ 31.Kd3 Rxd4+ 32.Kxd4 Bxb3 33.axb3 Ne5  1/2-1/2

[Event "Athens (Women)"]
[Site "Athens"]
[Date "1990.??.??"]
[Round "?"]
[White "Litinskaya, Marta I"]
[Black "Voiska, Margarita"]
[Result "0-1"]
[WhiteElo "2355"]
[BlackElo "2335"]

1.d4 Nf6 2.c4 g6 3.Nc3 Bg7 4.e4 d6 5.Nf3 O-O 6.Be2 e5 7.d5 a5 8.Bg5 Na6 9.Nd2 Qd7
10.h3 Ne8 11.g4 f5 12.gxf5 gxf5 13.exf5 Nc5 14.Nde4 Qxf5 15.Bg4 Qf7 16.Be3 Nxe4
17.Nxe4 Qg6 18.Ng5 Nf6 19.Bxc8 Raxc8 20.h4 h6 21.h5 Qf5 22.Ne6 Rf7 23.Qe2 c6
24.Nxg7 Rxg7 25.dxc6 Rxc6 26.Bxh6 Rh7 27.Bg5 Qxg5  0-1

[Event "AUT-chT"]
[Site "Austria"]
[Date "1990.??.??"]
[Round "?"]
[White "Duer, Arne"]
[Black "Brestian, Egon"]
[Result "1-0"]
[WhiteElo "2390"]
[BlackElo "2470"]

1.c4 Nf6 2.Nf3 g6 3.Nc3 Bg7 4.e4 d6 5.d4 O-O 6.Be2 e5 7.Be3 exd4 8.Nxd4 Re8
9.f3 Nc6 10.O-O Nxd4 11.Bxd4 Bd7 12.Qd2 a5 13.Rfd1 Bc6 14.Rac1 Nd7 15.Bf2 Nc5
16.Nd5 b6 17.b3 Be5 18.Bf1 Bxd5 19.cxd5 Qf6 20.Rb1 g5 21.Bb5 Re7 22.Be3 Bf4
23.Bxf4 gxf4 24.a3 Nd7 25.Bxd7 Rxd7 26.Rbc1 Re8 27.Kh1 Re5 28.Rg1 Rg5 29.Qf2 Rg6
30.Rc2 Qe7 31.Rgc1 f6 32.Qd2 Qe5 33.Rxc7 Rxc7 34.Rxc7 Qa1+ 35.Rc1 Qxa3 36.Qxf4 Qb2
37.Rg1 Qa3 38.Qf5 Qc5 39.Qd7 b5 40.Qe7 b4 41.f4 Qe3 42.f5 Rg4 43.Qxf6 Qxe4
44.Qd8+ Kf7 45.Qxd6 Qxf5 46.Qc7+ Kg6 47.Qxa5 Rd4 48.Qb6+ Qf6 49.Qb8 Kh6 50.h3 Rxd5
51.Qxb4 Rd3 52.Qc4 Qd6 53.Re1 Rd5 54.Qg4 Rd1 55.Qxd1  1-0

[Event "AUT-chT"]
[Site "Austria"]
[Date "1990.??.??"]
[Round "?"]
[White "Plachetka, Jan"]
[Black "Schlosser, Michael"]
[Result "1/2-1/2"]
[WhiteElo "2425"]
[BlackElo "2340"]

1.d4 Nf6 2.c4 g6 3.Nc3 Bg7 4.e4 d6 5.Be2 O-O 6.Nf3 Nbd7 7.O-O e5 8.Be3 c6
9.Qc2 Ng4 10.Bg5 f6 11.Bh4 a5 12.Rfd1 Qe8 13.d5 c5 14.Nb5 Qe7 15.a3 Nb8 16.Ne1 g5
17.Bg3 f5 18.exf5 Nh6 19.b4 axb4 20.axb4 Rxa1 21.Rxa1 Na6 22.bxc5 Nxc5 23.Ra8 Bxf5
24.Rxf8+ Bxf8 25.Qd1 Ne4 26.Nd3 Nxg3 27.hxg3 e4 28.Ne1 e3 29.f3 Qe5 30.Kh2 Bg7
31.Nd3 Qe7 32.c5 Qf7 33.c6 Qxd5 34.cxb7 Qxb7 35.Nxd6 Qd5 36.Nb2 Qxd1 37.Nxd1 Be5
38.Nc4 Bc7 39.Ndxe3 Be6 40.Bd3 Nf7 41.Bf5 Bxc4 42.Nxc4 Kg7 43.Ne3 Nd6 44.Bd3 Ne8
45.Nd5 Bd6 46.Kh3 Nf6 47.Ne3 Bc7 48.g4 Kf7 49.Nf5 Bb8 50.Bc2 Bf4 51.Nd4 Be3
52.Nf5 Bf4 53.g3 Bb8 54.Nd4 h5 55.gxh5 Nxh5 56.Kg4 Nxg3 57.Kxg5 Be5 58.Bg6+ Ke7
59.Nc6+ Ke6 60.Nxe5 Kxe5 61.Bd3 Kd4 62.Kg4 Nh1 63.Ba6 Ke3 64.Bb7 Nf2+ 65.Kf5 Nd3
66.Kg4 Nf4  1/2-1/2

[Event "AUT-chT"]
[Site "Austria"]
[Date "1990.??.??"]
[Round "?"]
[White "Schroll, Gerhard"]
[Black "Pils, Walter"]
[Result "1-0"]
[WhiteElo "2260"]
[BlackElo "2355"]

1.d4 g6 2.c4 Bg7 3.Nc3 d6 4.e4 Nd7 5.Nf3 e5 6.Be2 Ngf6 7.O-O O-O 8.Re1 c6
9.Bf1 a6 10.a4 Re8 11.d5 c5 12.a5 h6 13.Bd2 b6 14.Na4 bxa5 15.Bc3 Rb8 16.Qd2 Qe7
17.Bxa5 Nh5 18.b4 cxb4 19.Bxb4 Bf8 20.Rac1 Nc5 21.Nxc5 dxc5 22.Bc3 Qd6 23.Rb1 Bg4
24.Qe3 Bxf3 25.Qxf3 Rxb1 26.Rxb1 Rb8 27.Qd1 Nf6 28.Bd3 Nd7 29.Rxb8 Nxb8 30.Qb3 Qc7
31.g3 Bd6 32.Bd2 Kg7 33.h4 f6 34.Qa4 Qd7 35.Bc2 Qxa4 36.Bxa4 g5 37.Ba5 gxh4
38.gxh4 f5 39.f3 fxe4 40.fxe4 Kf6 41.Kf2 Ke7 42.Bd2 Nd7 43.Bxd7 Kxd7 44.Bxh6 a5
45.Ke2 Ke7 46.Kd3 a4 47.Kc2 Bc7 48.Bd2 Kf7 49.h5 Bd8 50.Kb2 Bh4 51.Ka3 Bg3
52.Be3  1-0

[Event "Bad Wildbad"]
[Site "Bad Wildbad"]
[Date "1990.??.??"]
[Round "1"]
[White "Lutz, Christopher"]
[Black "Vogt, Lothar"]
[Result "0-1"]
[WhiteElo "2445"]
[BlackElo "2505"]

1.d4 Nf6 2.c4 g6 3.Nc3 Bg7 4.e4 d6 5.Nf3 O-O 6.Be2 e5 7.O-O Nbd7 8.Qc2 c6
9.Rd1 Qe7 10.d5 c5 11.g3 h6 12.a3 Nh7 13.Nh4 b6 14.b4 Ndf6 15.Rb1 Ng5 16.Bd2 Nh3+
17.Kg2 Nh7 18.Nf3 f5 19.Nh4 fxe4 20.Nxe4 Qf7 21.Be3 Rd8 22.bxc5 bxc5 23.Bd3 Nf8
24.Rf1 g5 25.Nf3 Qh5 26.Ng1 Nxg1 27.Kxg1 Bh3 28.Rfe1 Qf7 29.Nd2 Rab8 30.Rxb8 Rxb8
31.Rb1 Qc7 32.Rxb8 Qxb8 33.Bf5 Bxf5 34.Qxf5 Nh7 35.Ne4 Bf8 36.Kg2 Qc7 37.h4 gxh4
38.Qg4+ Qg7 39.Qxh4 Qg6 40.f3 h5 41.Qd8 a6 42.a4 Kf7 43.Qa8 Nf6 44.Ng5+ Kg8
45.Qxa6 Qc2+ 46.Bf2 Qf5 47.Be3 Qc2+ 48.Kf1 Qd3+ 49.Kf2 Nxd5 50.Bxc5 Qd2+
51.Kf1 Qxg5 52.Bf2 Qc1+ 53.Kg2 Ne3+ 54.Bxe3 Qxe3 55.Qc6 Qe2+ 56.Kh3 Qf1+
57.Kh2 Qf2+ 58.Kh3 Qg1 59.Qd5+ Kg7 60.f4 Qf1+ 61.Kh2 Qe2+ 62.Kg1 Qg4  0-1

[Event "Bad Wildbad"]
[Site "Bad Wildbad"]
[Date "1990.??.??"]
[Round "2"]
[White "Gschnitzer, Oswald"]
[Black "Hauchard, Arnaud"]
[Result "1/2-1/2"]
[WhiteElo "2440"]
[BlackElo "2425"]

1.Nf3 Nf6 2.c4 g6 3.Nc3 Bg7 4.e4 d6 5.d4 O-O 6.Be2 e5 7.Be3 exd4 8.Nxd4 Re8
9.f3 c6 10.Nc2 d5 11.cxd5 cxd5 12.exd5 Bf5 13.Bf2 Nxd5 14.Nxd5 Bxc2 15.Qxc2 Qxd5
16.O-O Nc6 17.Bc4 Nd4 18.Bxd5 Nxc2 19.Rac1 Ne3 20.Bxe3 Rxe3 21.Rc7 Bxb2 22.Bxf7+ Kf8
23.Rb1 Bd4 24.Kf1 Bb6 25.Rxb7 Re7 26.Rxe7 Kxe7 27.Bb3 Rd8 28.Ke2 Kf6 29.Bc2 Rd5
30.Be4 Rh5 31.h3 Rg5 32.g4 Ra5 33.Rb2 Kg5 34.Kf1 Kh4 35.Kg2 Ra4 36.Re2 Rd4
37.f4 Ba5 38.f5 gxf5 39.gxf5 Rd2 40.Rxd2 Bxd2 41.f6 h6  1/2-1/2